| 000 | 00434nam a22001697a 4500 | ||
|---|---|---|---|
| 999 |
_c478471 _d478471 |
||
| 003 | NUST | ||
| 005 | 20180601045415.0 | ||
| 008 | 180601b ||||| |||| 00| 0 eng d | ||
| 020 | _a9788177582796 | ||
| 038 | _aSNS Library | ||
| 082 | _a539.7 | ||
| 100 |
_aB.H. Bransden _910682 |
||
| 245 |
_aPhysics of Atoms and Molecules _cB.H. Bransden |
||
| 260 |
_aIndia _bPearson _c2004 |
||
| 300 |
_axiv,1114 p. _bpb. |
||
| 942 |
_2ddc _cBK |
||